Sobremesa /
সংরক্ষণ করুন:
| প্রধান লেখক: | |
|---|---|
| বিন্যাস: | অজ্ঞাত |
| ভাষা: | Spanish |
| বিষয়গুলি: | |
| ট্যাগগুলো: |
ট্যাগ যুক্ত করুন
কোনো ট্যাগ নেই, প্রথমজন হিসাবে ট্যাগ করুন!
|
MARC
| LEADER | 000000000a22000000004500 | ||
|---|---|---|---|
| 001 | 002225 | ||
| 041 | 0 | |a spa | |
| 100 | 1 | |a Cortázar, Julio, |d 1914-1984 | |
| 245 | 1 | 0 | |a Sobremesa / |c Julio Cortázar. |
| 310 | |a trimestral | ||
| 500 | |a Para la revolución cubana, en sus 10 años. | ||
| 650 | 4 | |a POESIA | |
| 650 | 4 | |a DESNOS, ROBERT | |
| 650 | 4 | |a HERAUD, JAVIER | |
| 650 | 4 | |a DEBNAY, REGIS | |
| 650 | 4 | |a PIAF, EDITH | |
| 773 | 0 | |x 008-7157 |d Cuba : Editorial Casa de las Américas |t Casa de las Américas |g número 51-52 (1968-1969), página 14 | |
| 942 | |c ARC | ||
| 999 | |c 9775 |d 9775 | ||
